000 00787nas a2200265 4500
001 BR2010004350
003 BR-BrBNA
005 20231205114725.0
007 ta
008 230509b bl.|||p| |||| 00| 00por d
040 _aBR-BrBNA
_bpor
_cBiblioteca Nacional de Agricultura
041 _a(Pt)
072 _aF01
100 1 _aRamos, A.R.P.
100 1 _aDias, R. de C.S.
100 1 _aAragão, C.A.
245 1 _aDensidades de plantio na produtividade e qualidade de frutos de melancia
650 _aMELANCIA
650 _aESPAÇAMENTO
650 _aQUALIDADE
650 _aRENDIMENTO
773 0 _tHorticultura Brasileira (Brazil)
_xISSN 0102-0536
_g(Oct-Dec 2009), v. 27(4) p. 560-564
_wBR2010004350
909 _a202311
_bLúcia
_c55
_dLúcia Elande
942 _2AGRIS
_n0
_cANA
999 _c210161
_d210161